02091nam a22005295i 4500001001800000003000900018005001700027006001800044007001500062008004100077020001800118024003100136040001100167050001800178072001800196072002300214072001700237082001400254100007000268245010600338250001800444264007500462300003600537336002600573337002600599338003600625347002400661520025200685650002600937650004000963650001901003650003801022650003601060650003101096650002801127650002901155650002901184650002901213700007301242710003401315773002601349776003601375776003601411776003601447776003601483856004201519978-0-230-39114-7DE-He21320240716150619.0a|||||o|||| 00| 0cr nn 008mamaa151203s2013 xxk| s |||| 0|eng d a97802303911477 a10.1057/97802303911472doi cimu-kc 4aHF5549-5549.5 7aKJMV22bicssc 7aBUS0300002bisacsh 7aKJMV22thema04a658.32231 aHurn, B.eauthor.4aut4http://id.loc.gov/vocabulary/relators/aut10aCross-Cultural Communicationh[electronic resource] :bTheory and Practice /cby B. Hurn, B. Tomalin. a1st ed. 2013. 1aLondon :bPalgrave Macmillan UK :bImprint: Palgrave Macmillan,c2013. aXVIII, 308 p.bonline resource. atextbtxt2rdacontent acomputerbc2rdamedia aonline resourcebcr2rdacarrier atext filebPDF2rda aA comprehensive survey of the key areas of research in cross-cultural communication, based on the authors' experience in organizing and delivering courses for undergraduate and postgraduate students and in business training in the UK and overseas. 0aPersonnel management. 0aInternational business enterprises. 0aCommunication. 0aInternational economic relations. 0aCommunication in organizations.14aHuman Resource Management.24aInternational Business.24aMedia and Communication.24aInternational Economics.24aCorporate Communication.1 aTomalin, B.eauthor.4aut4http://id.loc.gov/vocabulary/relators/aut2 aSpringerLink (Online service)0 tSpringer Nature eBook08iPrinted edition:z978023039113008iPrinted edition:z978134935148008iPrinted edition:z978134935147308iPrinted edition:z978113749834240uhttps://doi.org/10.1057/9780230391147